| 000 | 00777nam a2200205 a 4500 | ||
|---|---|---|---|
| 003 | 0 | ||
| 005 | 20250305151608.0 | ||
| 008 | 101013s19uu xx 00 eng d | ||
| 050 |
_aPHS QK 753.M58 _b.Si4 2010 |
||
| 100 | _aSim, Hyun Seong. | ||
| 245 |
_aThe anti-proliferative effect of water spinach (Ipomoea aquatica forsk) on root tip mitosis / _cHyun Seong Sim. |
||
| 260 |
_aLas PiƱas City, Philippines : _bSouthville International School and Colleges, _c2010. |
||
| 300 |
_a31 pages : _billustrations, _c30 cm. |
||
| 504 | _aIncludes bibliographical references. | ||
| 650 | _aWater spinach-experimantal research. | ||
| 650 |
_aPlant mitosis _xInhibition. |
||
| 650 |
_aCell proliferation _xInhibition. |
||
| 650 |
_aRoot growth _xBiological effects. |
||
| 942 |
_2lcc _cPASS |
||
| 999 |
_c98435 _d98435 |
||